| 000 -LEADER |
| fixed length control field |
01554cam a2200385 i 4500 |
| 001 - CONTROL NUMBER |
| control field |
(Sirsi) a1031676 |
| 003 - CONTROL NUMBER IDENTIFIER |
| control field |
OSt |
| 005 - DATE AND TIME OF LATEST TRANSACTION |
| control field |
20230116165945.0 |
| 008 - FIXED-LENGTH DATA ELEMENTS--GENERAL INFORMATION |
| fixed length control field |
170815t20172017nyua c 000 f eng d |
| 020 ## - INTERNATIONAL STANDARD BOOK NUMBER |
| International Standard Book Number |
9781419723032 |
| Qualifying information |
(hardcover) : |
| 040 ## - CATALOGING SOURCE |
| Original cataloging agency |
DLC |
| Language of cataloging |
eng |
| Transcribing agency |
DLC |
| Modifying agency |
OCLCQ |
| -- |
RV8 |
| -- |
OJ4 |
| -- |
JAO |
| -- |
IK2 |
| -- |
IHX |
| -- |
EHH |
| -- |
CO2 |
| -- |
NYP |
| -- |
VP@ |
| -- |
OCLCF |
| -- |
PRSPR |
| -- |
TAE |
| -- |
KH8 |
| Description conventions |
rda |
| 042 ## - AUTHENTICATION CODE |
| Authentication code |
nbic |
| 082 0# - DEWEY DECIMAL CLASSIFICATION NUMBER |
| Classification number |
813.54 NYE |
| 100 1# - MAIN ENTRY--PERSONAL NAME |
| Personal name |
Nye, Bill, |
| Relator term |
author. |
| 245 10 - TITLE STATEMENT |
| Title |
At the bottom of the world / |
| Statement of responsibility, etc. |
Bill Nye & Gregory Mone ; illustrated by Nicholas Iluzada. |
| 264 #1 - PRODUCTION, PUBLICATION, DISTRIBUTION, MANUFACTURE, AND COPYRIGHT NOTICE |
| Place of production, publication, distribution, manufacture |
New York : |
| Name of producer, publisher, distributor, manufacturer |
Amulet Books, |
| Date of production, publication, distribution, manufacture, or copyright notice |
[2017] |
| 264 #4 - PRODUCTION, PUBLICATION, DISTRIBUTION, MANUFACTURE, AND COPYRIGHT NOTICE |
| Date of production, publication, distribution, manufacture, or copyright notice |
©2017. |
| 300 ## - PHYSICAL DESCRIPTION |
| Extent |
247 pages : |
| Other physical details |
illustrations ; |
| Dimensions |
21 cm. |
| 336 ## - CONTENT TYPE |
| Content type term |
text |
| Content type code |
txt |
| Source |
rdacontent. |
| 336 ## - CONTENT TYPE |
| Content type term |
still image |
| Content type code |
sti |
| Source |
rdacontent. |
| 337 ## - MEDIA TYPE |
| Media type term |
unmediated |
| Media type code |
n |
| Source |
rdamedia. |
| 338 ## - CARRIER TYPE |
| Carrier type term |
volume |
| Carrier type code |
nc |
| Source |
rdacarrier. |
| 490 1# - SERIES STATEMENT |
| Series statement |
Jack and the geniuses ; |
| Volume/sequential designation |
1. |
| 500 ## - GENERAL NOTE |
| General note |
"Book includes: cool facts about the story's real-life science; a fun DIY project." |
| 520 ## - SUMMARY, ETC. |
| Summary, etc. |
Traveling to Antarctica for a prestigious science competition, twelve-year-old Jack and his genius foster siblings, Ava and Matt, become caught up in a mystery involving a missing scientist. |
| 521 1# - TARGET AUDIENCE NOTE |
| Target audience note |
Ages 9-12. |
| 650 #0 - SUBJECT ADDED ENTRY--TOPICAL TERM |
| Topical term or geographic name entry element |
Scientists |
| Form subdivision |
Juvenile fiction. |
| 650 #0 - SUBJECT ADDED ENTRY--TOPICAL TERM |
| Topical term or geographic name entry element |
Genius |
| Form subdivision |
Juvenile fiction. |
| 650 #0 - SUBJECT ADDED ENTRY--TOPICAL TERM |
| Topical term or geographic name entry element |
Orphans |
| Form subdivision |
Juvenile fiction. |
| 650 #0 - SUBJECT ADDED ENTRY--TOPICAL TERM |
| Topical term or geographic name entry element |
Brothers and sisters |
| Form subdivision |
Juvenile fiction. |
| 700 1# - ADDED ENTRY--PERSONAL NAME |
| Personal name |
Mone, Gregory, |
| Relator term |
author. |
| 700 1# - ADDED ENTRY--PERSONAL NAME |
| Personal name |
Iluzada, Nicholas, |
| Relator term |
illustrator. |
| 800 1# - SERIES ADDED ENTRY--PERSONAL NAME |
| Personal name |
Nye, Bill. |
| Title of a work |
Jack and the geniuses ; |
| Volume/sequential designation |
1. |
| 942 ## - ADDED ENTRY ELEMENTS (KOHA) |
| Source of classification or shelving scheme |
|
| Koha item type |
Books - Non Ficton |